[Event "2BLN 2122 SC Rotation Pankow - SK Norde"]
[Site "?"]
[Date "2022.05.01"]
[Round "4.4"]
[White "Neumeier, Lars"]
[Black "Kuberczyk, Christoph"]
[Result "1-0"]
[WhiteElo "2312"]
[BlackElo "2296"]
[PlyCount "89"]
[EventDate "2022.??.??"]

1. d4 d5 2. Nf3 Nf6 3. c4 c6 4. Nbd2 g6 5. g3 Bg7 6. Bg2 O-O 7. O-O a5 8. Ne5
Be6 9. cxd5 Nxd5 10. Ndf3 Nd7 11. Nd3 Nb4 12. a3 Nxd3 13. Qxd3 Bf5 14. Qb3 Qb6
15. Qxb6 Nxb6 16. Bg5 Na4 17. Rfe1 Rfe8 18. e4 Bg4 19. e5 f6 20. exf6 exf6 21.
Be3 Nxb2 22. Rec1 Bf5 23. Nd2 Kh8 24. g4 Bd3 25. Rc3 Be2 26. Rb3 Nd1 27. Bf4 f5
28. Nf3 Bxf3 29. Rxf3 Re1+ 30. Bf1 Bxd4 31. Rc1 fxg4 32. Rd3 Bxf2+ 33. Kg2 Rf8
34. Rdxd1 Rxd1 35. Be5+ Kg8 36. Rxd1 Rf5 37. Bc4+ Kf8 38. Bd6+ Ke8 39. Be6 Rf6
40. Bxg4 Bb6 41. Re1+ Kf7 42. Re7+ Kf8 43. Be6 Rf2+ 44. Kg3 Re2 45. Rxh7+ 1-0

[Event "2BLN 2122 SC Rotation Pankow - SK Norde"]
[Site "?"]
[Date "2022.05.01"]
[Round "4.6"]
[White "Mueller, Michael"]
[Black "Michna, Marta"]
[Result "0-1"]
[WhiteElo "2241"]
[BlackElo "2314"]
[PlyCount "86"]
[EventDate "2022.??.??"]

1. d4 d6 2. c4 Nd7 3. Nc3 e5 4. d5 Be7 5. Nf3 Ngf6 6. e4 O-O 7. Bd3 Nh5 8. Bc2
Ndf6 9. O-O g6 10. c5 Bg4 11. cxd6 cxd6 12. h3 Bd7 13. Nxe5 Bxh3 14. Nd3 Bd7
15. Nf4 Re8 16. Qd4 Ng7 17. f3 h5 18. Be3 Nh7 19. Qb4 h4 20. Ba4 Bxa4 21. Nxa4
Bg5 22. Rfe1 Nf6 23. Nc3 Nd7 24. Nh3 Bxe3+ 25. Rxe3 Nf5 26. Ree1 a5 27. Qc4 Ne5
28. Qe2 Ng3 29. Qb5 Rc8 30. Rad1 Nc4 31. Na4 Qf6 32. Qxb7 Rb8 33. Qc6 Rec8 34.
Qa6 Ra8 35. Qb5 Rab8 36. Qa6 Ne5 37. Rc1 Rxc1 38. Rxc1 Nxf3+ 39. gxf3 Qxf3 40.
Rc8+ Kg7 41. Rxb8 Ne2+ 42. Qxe2 Qxe2 43. Nc3 Qe1+ 0-1

[Event "2BLN 2122 SF Berlin II - Hamburger SK I"]
[Site "?"]
[Date "2022.05.01"]
[Round "4.1"]
[White "Kramer, Julian"]
[Black "Ahmadinia, Ebrahim"]
[Result "1-0"]
[WhiteElo "2420"]
[BlackElo "2457"]
[PlyCount "63"]
[EventDate "2022.??.??"]

1. e4 e5 2. Nf3 Nc6 3. Bc4 Nf6 4. d3 Be7 5. O-O O-O 6. Re1 d6 7. a4 h6 8. a5 a6
9. h3 Re8 10. c3 Be6 11. Bxe6 fxe6 12. Nbd2 Rf8 13. Nc4 Qe8 14. b4 Nh5 15. Be3
Qg6 16. Rb1 Na7 17. Na3 Rf7 18. b5 axb5 19. Nxb5 Nc6 20. Nxc7 Rc8 21. Nb5 Nxa5
22. Nxd6 Bxd6 23. Nh4 Qf6 24. Qxh5 Rxc3 25. Red1 Nc6 26. Nf3 Rc2 27. Rb5 Qd8
28. Qg4 Kh7 29. Qxe6 Qf8 30. Qb3 Re2 31. Re1 Rxe1+ 32. Nxe1 1-0

[Event "2BLN 2122 SF Berlin II - Hamburger SK I"]
[Site "?"]
[Date "2022.05.01"]
[Round "4.2"]
[White "Schmidek, Emil"]
[Black "Souleidis, Georgios"]
[Result "1/2-1/2"]
[WhiteElo "2383"]
[BlackElo "2430"]
[PlyCount "54"]
[EventDate "2022.??.??"]

1. d4 d5 2. c4 e6 3. Nc3 c5 4. cxd5 cxd4 5. Qa4+ Bd7 6. Qxd4 exd5 7. Nf3 Nc6 8.
Qxd5 Nf6 9. Qd1 Bc5 10. e3 O-O 11. Be2 Qe7 12. O-O Rfd8 13. Bd2 Rac8 14. a3 Bf5
15. Qa4 Ne5 16. Rfd1 Nd3 17. Bxd3 Bxd3 18. Be1 a6 19. Rac1 b5 20. Qh4 Bc4 21.
Nd4 Qe5 22. Rd2 Re8 23. Rcd1 h6 24. Qg3 Qh5 25. Qf3 Qe5 26. Qg3 Qh5 27. Qf3 Qe5
1/2-1/2

[Event "2BLN 2122 SF Berlin II - Hamburger SK I"]
[Site "?"]
[Date "2022.05.01"]
[Round "4.3"]
[White "Bracker, Frank"]
[Black "Agopov, Mikael"]
[Result "1/2-1/2"]
[WhiteElo "2369"]
[BlackElo "2444"]
[PlyCount "47"]
[EventDate "2022.??.??"]

1. e4 c5 2. Nf3 d6 3. d4 cxd4 4. Nxd4 Nf6 5. Nc3 Nc6 6. Bg5 e6 7. Bb5 Bd7 8.
Qd3 Be7 9. O-O-O Ne5 10. Qd2 a6 11. Bxd7+ Qxd7 12. f4 Ng6 13. Nf3 Rd8 14. Rhe1
h6 15. f5 Ne5 16. Nxe5 dxe5 17. Qe2 Qc8 18. Bxf6 Bxf6 19. fxe6 Qxe6 20. Rxd8+
Bxd8 21. Rf1 O-O 22. g4 g6 23. Qf3 Kg7 24. Nd5 {(=)} 1/2-1/2

[Event "2BLN 2122 SF Berlin II - Hamburger SK I"]
[Site "?"]
[Date "2022.05.01"]
[Round "4.4"]
[White "Lauber, Arnd"]
[Black "Colpe, Malte"]
[Result "1/2-1/2"]
[WhiteElo "2411"]
[BlackElo "2349"]
[PlyCount "60"]
[EventDate "2022.??.??"]

1. d4 Nf6 2. c4 e6 3. Nc3 d5 4. cxd5 Nxd5 5. Nf3 c5 6. e3 cxd4 7. exd4 Nxc3 8.
bxc3 Qc7 9. Qc2 Bd6 10. Bd3 b6 11. O-O Bb7 12. Ne5 Bxe5 13. dxe5 Qxe5 14. Ba3
Nd7 15. f4 Qc7 16. Bxh7 Nc5 17. Rf2 g6 18. Bxg6 fxg6 19. Bxc5 bxc5 20. Qxg6+
Qf7 21. Qd3 Rh5 22. Re1 Rd5 23. Qb5+ Kf8 24. f5 Rxf5 25. Rxf5 exf5 26. Qxc5+
Kg7 27. Re3 Qd5 28. Rg3+ Kh7 29. Rh3+ Kg8 30. Rg3+ Kh8 1/2-1/2

[Event "2BLN 2122 SF Berlin II - Hamburger SK I"]
[Site "?"]
[Date "2022.05.01"]
[Round "4.5"]
[White "Woelk, Tom-Frederic"]
[Black "Baum, Jonasz"]
[Result "1-0"]
[WhiteElo "2316"]
[BlackElo "2355"]
[PlyCount "153"]
[EventDate "2022.??.??"]

1. d4 Nf6 2. c4 e6 3. Nc3 Bb4 4. f3 d5 5. a3 Bxc3+ 6. bxc3 c6 7. e3 O-O 8. Bd3
b6 9. Ne2 Ba6 10. cxd5 Bxd3 11. Qxd3 cxd5 12. e4 dxe4 13. fxe4 Nbd7 14. Ng3 e5
15. Qf3 Rc8 16. O-O Qc7 17. Bd2 Rfe8 18. Rae1 g6 19. Bg5 Re6 20. Re3 Qc4 21. d5
Rd6 22. Qf2 Qc5 23. h3 Kg7 24. Kh2 Rf8 25. Qd2 Ng8 26. a4 f6 27. Bh4 Qc4 28.
Qe2 Qxa4 29. c4 Kh8 30. Rff3 Nc5 31. Ra3 Qd7 32. Nf1 a5 33. g4 Qc7 34. Bg3 Qg7
35. g5 Nd7 36. h4 f5 37. c5 bxc5 38. Rxa5 f4 39. Bf2 Rc8 40. Nd2 Rb6 41. Nc4
Rb4 42. Be1 Rc7 43. Bxb4 cxb4 44. Rb5 Ra7 45. Qb2 h5 46. Qxb4 Ra2+ 47. Kh3 Nc5
48. Nb6 Nb7 49. Qc4 Rd2 50. Qc6 Nd8 51. Qd7 Nf7 52. Rc5 Qf8 53. Rc7 Nf6 54. Qc8
Qxc8+ 55. Rxc8+ Kh7 56. gxf6 g5 57. hxg5 Nxg5+ 58. Kh4 Nxf3+ 59. Kxh5 Rh2+ 60.
Kg4 Nd4 61. f7 Kg6 62. f8=N+ Kh6 63. Rc3 f3 64. Rxf3 Nxf3 65. Kxf3 Rh3+ 66. Kg4
Re3 67. Kf5 Rf3+ 68. Kxe5 Rxf8 69. Kd6 Kg7 70. e5 Rf1 71. e6 Re1 72. Ke7 Kg6
73. Nd7 Kf5 74. Nf8 Rg1 75. d6 Rg7+ 76. Kd8 Ra7 77. d7 1-0

[Event "2BLN 2122 SF Berlin II - Hamburger SK I"]
[Site "?"]
[Date "2022.05.01"]
[Round "4.7"]
[White "Sehner, Norbert"]
[Black "Ahlander, Bjorn"]
[Result "1/2-1/2"]
[WhiteElo "2322"]
[BlackElo "2366"]
[PlyCount "104"]
[EventDate "2022.??.??"]

1. c4 e6 2. g3 d5 3. Nf3 Nf6 4. Bg2 d4 5. e3 c5 6. exd4 cxd4 7. O-O Nc6 8. d3
h6 9. Bf4 Bd6 10. Bxd6 Qxd6 11. Re1 O-O 12. Qe2 e5 13. a3 Re8 14. Nbd2 a5 15.
Rac1 Bf5 16. Nh4 Bh7 17. Ne4 Nxe4 18. Bxe4 Bxe4 19. Qxe4 g6 20. Qd5 Qf6 21. Rc2
g5 22. Qf3 Qxf3 23. Nxf3 Re7 24. Rce2 f6 25. b3 Kf7 26. h3 Rd8 27. Kg2 b6 28.
Nd2 Rb7 29. Rf1 Re7 30. Rfe1 Rb7 31. Rf1 Re7 32. Rb1 Ra7 33. Kf3 Ne7 34. Ree1
Ng6 35. Rec1 Rc8 36. Rc2 Nf8 37. Ne4 Ke6 38. Ke2 f5 39. Nd2 Nd7 40. g4 Nf6 41.
f3 h5 42. gxf5+ Kxf5 43. Ne4 Rc6 44. Rg1 Rg7 45. b4 axb4 46. axb4 Nd5 47. Ng3+
Kg6 48. h4 Nf4+ 49. Kd2 Nh3 50. Rg2 Nf4 51. Rg1 Nh3 52. Rg2 Nf4 1/2-1/2

[Event "2BLN 2122 SF Berlin II - Hamburger SK I"]
[Site "?"]
[Date "2022.05.01"]
[Round "4.8"]
[White "Lundin, Jan"]
[Black "Peyrer, Konstantin"]
[Result "1-0"]
[WhiteElo "2192"]
[BlackElo "2407"]
[PlyCount "95"]
[EventDate "2022.??.??"]

1. e4 e5 2. Nf3 Nc6 3. d4 exd4 4. Nxd4 Nf6 5. Nxc6 bxc6 6. e5 Qe7 7. Qe2 Nd5 8.
c4 Nb6 9. Nd2 Qe6 10. h4 Ba6 11. b3 Bb4 12. Bb2 O-O 13. O-O-O Rfe8 14. Qh5 Qe7
15. Kb1 d5 16. exd6 cxd6 17. Bd3 g6 18. Qh6 Qf8 19. Qf4 Nd7 20. h5 d5 21. Qh4
Qe7 22. hxg6 fxg6 23. Qg3 Bd6 24. f4 Qe3 25. Qxe3 Rxe3 26. Bxg6 Nf8 27. Bc2
Bxf4 28. cxd5 cxd5 29. Nf3 Rc8 30. Rh4 Rxc2 31. Kxc2 Ng6 32. Rhh1 Re2+ 33. Kb1
Bb7 34. Nh4 Re6 35. Bd4 a5 36. Rhf1 Re4 37. Nxg6 hxg6 38. Rfe1 Ba6 39. Rxe4
dxe4 40. Bc3 Bc7 41. Rd7 Bh2 42. Rg7+ Kf8 43. Rxg6 Bd3+ 44. Kc1 e3 45. Rf6+ Ke7
46. Rf3 Be4 47. Bxa5 e2 48. Kd2 1-0

[Event "2BLN 2122 SG AE Magdeburg - SK Zehlendo"]
[Site "?"]
[Date "2022.05.01"]
[Round "4.1"]
[White "Sawlin, Leonid"]
[Black "Gungl, Theo"]
[Result "0-1"]
[WhiteElo "2405"]
[BlackElo "2393"]
[PlyCount "74"]
[EventDate "2022.??.??"]

1. e4 c5 2. Nf3 d6 3. d4 cxd4 4. Nxd4 Nf6 5. Nc3 a6 6. Bg5 Nbd7 7. Bc4 Qb6 8.
Qd2 Qxb2 9. Rb1 Qa3 10. O-O e6 11. Bd5 Be7 12. Bxe6 fxe6 13. Nxe6 Kf7 14. Nc7
Rb8 15. N3d5 Qc5 16. Rb3 Qc6 17. Rc3 Nc5 18. Nxe7 Qxc7 19. Bxf6 gxf6 20. Nd5
Qd8 21. Qh6 Rg8 22. Rg3 Be6 23. Qxh7+ Kf8 24. Nf4 Rxg3 25. fxg3 Bf7 26. g4 Qb6
27. Qh8+ Ke7 28. Nd5+ Bxd5 29. Qxf6+ Kd7 30. Qg7+ Kc6 31. exd5+ Kxd5 32. Qf7+
Kc6 33. Qf3+ Ne4+ 34. Kh1 Re8 35. g5 d5 36. h4 Qd4 37. Qf4 Rf8 0-1

[Event "2BLN 2122 SG AE Magdeburg - SK Zehlendo"]
[Site "?"]
[Date "2022.05.01"]
[Round "4.2"]
[White "Malek, Daniel"]
[Black "Lagunow, Raphael"]
[Result "1/2-1/2"]
[WhiteElo "2353"]
[BlackElo "2389"]
[PlyCount "110"]
[EventDate "2022.??.??"]

1. e4 e5 2. Nf3 Nc6 3. Bb5 a6 4. Ba4 b5 5. Bb3 Na5 6. Nc3 d6 7. d4 exd4 8. Qxd4
Bb7 9. Bg5 f6 10. Bxg8 Rxg8 11. Be3 Be7 12. O-O Nc4 13. b3 Ne5 14. Qd1 Qd7 15.
Nxe5 fxe5 16. a4 b4 17. Nd5 Bd8 18. Qd3 a5 19. c3 Rf8 20. cxb4 axb4 21. Rfd1
Ba6 22. Qc2 c5 23. h3 Rc8 24. Rd2 Kf7 25. Qd1 Kg8 26. Rc1 Qe6 27. Qh5 h6 28.
Qg4 Qxg4 29. hxg4 Kf7 30. g3 Ba5 31. f3 Rb8 32. Kf2 Rfc8 33. Rb2 c4 34. bxc4
Bxc4 35. Bd2 Bxd5 36. Rxc8 Rxc8 37. exd5 Rc4 38. Ke2 Rd4 39. Be1 Ke7 40. Bd2 g5
41. Rb1 Kf6 42. Rh1 Kg6 43. Rc1 e4 44. f4 Rxd5 45. Rc4 b3 46. Bxa5 Rxa5 47.
Rxe4 gxf4 48. gxf4 b2 49. Rb4 Rxa4 50. Rxb2 Rxf4 51. Rb6 Rd4 52. Ke3 Rd1 53.
Rb8 Kf6 54. Rf8+ Ke5 55. Rf5+ Ke6 1/2-1/2

[Event "2BLN 2122 SG AE Magdeburg - SK Zehlendo"]
[Site "?"]
[Date "2022.05.01"]
[Round "4.3"]
[White "Baskin, Robert"]
[Black "Sieber, Fiona"]
[Result "1-0"]
[WhiteElo "2393"]
[BlackElo "2248"]
[PlyCount "73"]
[EventDate "2022.??.??"]

1. e4 c5 2. Nf3 e6 3. d4 cxd4 4. Nxd4 Nf6 5. Nc3 Nc6 6. Ndb5 Bc5 7. Bf4 O-O 8.
Bc7 Qe7 9. Bd6 Bxd6 10. Qxd6 Qd8 11. O-O-O a6 12. Nd4 Ne7 13. h4 b5 14. h5 Ne8
15. Qh2 Qc7 16. Qh4 f6 17. Bd3 b4 18. Nce2 Bb7 19. f4 a5 20. e5 Bd5 21. Kb1 a4
22. Rh3 Rf7 23. Re3 Qb6 24. g4 Nc6 25. exf6 gxf6 26. g5 f5 27. g6 Rg7 28. gxh7+
Kh8 29. Rg3 Nxd4 30. Rxg7 Nxg7 31. Qf6 Nxe2 32. h6 Qd4 33. hxg7+ Kxh7 34. Bxf5+
exf5 35. Qxf5+ Kxg7 36. Rxd4 Nxd4 37. Qxd5 1-0

[Event "2BLN 2122 SG AE Magdeburg - SK Zehlendo"]
[Site "?"]
[Date "2022.05.01"]
[Round "4.4"]
[White "Biastoch, Bennet"]
[Black "Stachowiak, Kamil"]
[Result "1/2-1/2"]
[WhiteElo "2234"]
[BlackElo "2476"]
[PlyCount "105"]
[EventDate "2022.??.??"]

1. e4 c5 2. Nf3 e6 3. d4 cxd4 4. Nxd4 a6 5. c4 Nf6 6. Nc3 Qc7 7. a3 b6 8. Be2
Bb7 9. f3 d6 10. Be3 Nbd7 11. O-O Be7 12. Qd2 O-O 13. Rac1 Rac8 14. Rfd1 Qb8
15. Bf1 Rfe8 16. b4 Bd8 17. Qf2 Bc7 18. g3 Kh8 19. Nb3 Ne5 20. Be2 Bc6 21. a4
Ba8 22. Rb1 Rcd8 23. c5 dxc5 24. bxc5 Rxd1+ 25. Rxd1 bxc5 26. Nxc5 Ba5 27. Nxa6
Qb3 28. Nc5 Qxc3 29. Bd2 Qc2 30. Bxa5 Nc6 31. Be1 e5 32. Rd2 Qc1 33. Bb5 Rg8
34. Nd3 Qa1 35. Ra2 Qd1 36. Bxc6 Qxd3 37. Bb5 Qb3 38. Rb2 Qa3 39. Rb1 Qd6 40.
Bb4 Qe6 41. a5 h5 42. Bc3 Rc8 43. Qb2 Kg8 44. Bxe5 Nxe4 45. fxe4 Bxe4 46. Rd1
Rc2 47. Rd8+ Kh7 48. Qd4 Qf5 49. Bf1 Qf3 50. Qxe4+ Qxe4 51. Bd3 Rc1+ 52. Kf2
Rc2+ 53. Kg1 1/2-1/2

[Event "2BLN 2122 SG AE Magdeburg - SK Zehlendo"]
[Site "?"]
[Date "2022.05.01"]
[Round "4.5"]
[White "Brodowski, Piotr"]
[Black "Andre, Gordon"]
[Result "1/2-1/2"]
[WhiteElo "2451"]
[BlackElo "2346"]
[PlyCount "106"]
[EventDate "2022.??.??"]

1. c4 e6 2. Nf3 d5 3. e3 Nf6 4. Nc3 c5 5. cxd5 exd5 6. d4 Nc6 7. Be2 cxd4 8.
Nxd4 Bc5 9. Nxc6 bxc6 10. Qc2 O-O 11. O-O Bd6 12. Rd1 Qe7 13. b3 Re8 14. Bb2
Ng4 15. Bxg4 Bxg4 16. Rd4 Qg5 17. Qd3 Re6 18. g3 Bf3 19. e4 Qh5 20. h4 Rae8 21.
Re1 Qg4 22. e5 Rxe5 23. Rxe5 Rxe5 24. Rxg4 Re1+ 25. Qf1 Rxf1+ 26. Kxf1 Bxg4 27.
Na4 Bf5 28. Ke2 Bb1 29. Kd2 f6 30. Bd4 a5 31. Kc3 Kf7 32. Nc5 Bf5 33. b4 axb4+
34. Kxb4 Bc8 35. a4 Ke7 36. a5 Kd8 37. Kc3 Kc7 38. a6 Kb8 39. a7+ Ka8 40. Na4
Bc7 41. Nb6+ Bxb6 42. Bxb6 Bg4 43. Kd4 h6 44. Kc5 Kb7 45. Kd6 g5 46. Ke7 f5 47.
Kf6 f4 48. hxg5 hxg5 49. Kxg5 fxg3 50. Kxg4 gxf2 51. Bxf2 d4 52. Bxd4 c5 53.
Bxc5 Ka8 1/2-1/2

[Event "2BLN 2122 SG AE Magdeburg - SK Zehlendo"]
[Site "?"]
[Date "2022.05.01"]
[Round "4.7"]
[White "Meister, Jakob"]
[Black "Paul, Johannes"]
[Result "1/2-1/2"]
[WhiteElo "2418"]
[BlackElo "2278"]
[PlyCount "141"]
[EventDate "2022.??.??"]

1. d4 Nf6 2. Bf4 g6 3. Nc3 d5 4. Qd2 Bg7 5. Bh6 Bxh6 6. Qxh6 c5 7. dxc5 Qa5 8.
e3 Qxc5 9. Bd3 Nc6 10. Nf3 Be6 11. Ng5 O-O-O 12. Nxe6 fxe6 13. Qh3 Qd6 14.
O-O-O Kb8 15. Nb5 Qd7 16. Nd4 e5 17. Qg3 Qd6 18. Nxc6+ bxc6 19. f3 e4 20. fxe4
Qxg3 21. hxg3 dxe4 22. Be2 Kc7 23. Rd4 Rxd4 24. exd4 Rd8 25. c3 Rd5 26. Kd2 Rg5
27. g4 Kd6 28. Ke3 e5 29. Rh4 Kd5 30. Bd1 h5 31. gxh5 gxh5 32. dxe5 Kxe5 33.
Kf2 Rf5+ 34. Ke1 c5 35. Be2 a5 36. a3 Rg5 37. Kf2 Rg8 38. b4 cxb4 39. cxb4 axb4
40. axb4 Rb8 41. b5 Kd4 42. Rh3 Nd5 43. Rb3 h4 44. Ke1 Rb6 45. Bf1 Rf6 46. Be2
Rf7 47. b6 Rb7 48. Kf2 Rxb6 49. Rxb6 Nxb6 50. g3 h3 51. Bf1 e3+ 52. Kf3 h2 53.
Kg2 Ke4 54. Be2 Nd5 55. Kxh2 Nc3 56. Bh5 Kd3 57. Kg1 Ne4 58. Bf3 Kd2 59. Bh5
Ng5 60. Kf1 Ne4 61. Kg2 Nd6 62. Kf1 Nf5 63. Kg2 Ke1 64. Bg4 Kd2 65. Bh5 Nd6 66.
Kf1 Nf5 67. Kg2 Ng7 68. Bf3 Nf5 69. Bh5 Nxg3 70. Kxg3 e2 71. Bxe2 1/2-1/2

[Event "2BLN 2122 SK Kirchweyhe - FC St. Pauli"]
[Site "?"]
[Date "2022.05.01"]
[Round "4.1"]
[White "Feuerstack, Aljoscha"]
[Black "Ivic, Velimir"]
[Result "1/2-1/2"]
[WhiteElo "2488"]
[BlackElo "2625"]
[PlyCount "85"]
[EventDate "2022.??.??"]

1. d4 Nf6 2. c4 g6 3. g3 c5 4. d5 d6 5. Nc3 Bg7 6. Bg2 O-O 7. Nf3 e6 8. O-O
exd5 9. cxd5 Re8 10. Bf4 h6 11. Re1 Nh5 12. Bd2 a6 13. a4 Nd7 14. e4 Rb8 15.
Bf1 Qc7 16. Qc1 Kh7 17. Qc2 Ne5 18. Nxe5 Rxe5 19. a5 Bd7 20. Na4 Rbe8 21. Nb6
Bb5 22. Bg2 Nf6 23. Rac1 R5e7 24. b4 Ng4 25. h3 Ne5 26. Re3 Qd8 27. Bc3 Rc7 28.
Ba1 Ree7 29. bxc5 Rxc5 30. Qd1 Rec7 31. Rxc5 Rxc5 32. Bd4 Rc7 33. Bf1 Qe8 34.
Rc3 Rxc3 35. Bxc3 Bxf1 36. Kxf1 Qb5+ 37. Kg2 Qc5 38. Qd4 Qb5 39. Qd1 Qc5 40.
Qd4 Qb5 41. Qd1 Qc5 42. Qd4 Qb5 43. Qd1 1/2-1/2

[Event "2BLN 2122 SK Kirchweyhe - FC St. Pauli"]
[Site "?"]
[Date "2022.05.01"]
[Round "4.2"]
[White "Stevic, Hrvoje"]
[Black "Socko, Bartosz"]
[Result "1/2-1/2"]
[WhiteElo "2581"]
[BlackElo "2636"]
[PlyCount "29"]
[EventDate "2022.??.??"]

1. e4 c6 2. Nf3 d5 3. d3 dxe4 4. dxe4 Qxd1+ 5. Kxd1 Nf6 6. Nbd2 Bg4 7. Be2 Nbd7
8. Ne1 Bxe2+ 9. Kxe2 e6 10. f3 Bd6 11. Nc4 Bc7 12. a4 Ne5 13. Nxe5 Bxe5 14. Nd3
Bc7 15. Be3 1/2-1/2

[Event "2BLN 2122 SK Kirchweyhe - FC St. Pauli"]
[Site "?"]
[Date "2022.05.01"]
[Round "4.3"]
[White "Krause, Benedict"]
[Black "Brkic, Ante"]
[Result "1/2-1/2"]
[WhiteElo "2420"]
[BlackElo "2611"]
[PlyCount "97"]
[EventDate "2022.??.??"]

1. e4 e5 2. Nf3 Nc6 3. Bc4 Bc5 4. O-O Nf6 5. d3 d6 6. c3 O-O 7. h3 h6 8. Nbd2
a5 9. Re1 Be6 10. Bb5 Nd7 11. Bxc6 bxc6 12. d4 exd4 13. cxd4 Bb4 14. Qc2 Ra6
15. a3 Bxd2 16. Bxd2 Qb8 17. b4 axb4 18. axb4 Rxa1 19. Rxa1 Qb7 20. Rc1 Nb8 21.
d5 cxd5 22. Qxc7 Qa6 23. Nd4 Rc8 24. Qa5 Rxc1+ 25. Bxc1 Qxa5 26. bxa5 dxe4 27.
Bf4 Bd7 28. Bxd6 Nc6 29. Nxc6 Bxc6 30. a6 f5 31. h4 h5 32. Kh2 Kf7 33. Kg3 Ke6
34. Bc5 Bb5 35. a7 Bc6 36. Kf4 g6 37. Bd4 Bb7 38. Ke3 Kd5 39. Bf6 Bc6 40. Bg5
Bb7 41. Kd2 Kc4 42. Bh6 Bc6 43. Ke3 Kd5 44. Kf4 Ke6 45. Bg7 Bb7 46. Bd4 Bc6 47.
Be3 Bb7 48. Kg5 Kf7 49. Kf4 1/2-1/2

[Event "2BLN 2122 SK Kirchweyhe - FC St. Pauli"]
[Site "?"]
[Date "2022.05.01"]
[Round "4.4"]
[White "Jovanovic, Zoran"]
[Black "Socko, Monika"]
[Result "1/2-1/2"]
[WhiteElo "2524"]
[BlackElo "2395"]
[PlyCount "47"]
[EventDate "2022.??.??"]

1. e4 c6 2. Nf3 d5 3. d3 g6 4. Qe2 Bg7 5. g3 Bg4 6. Nbd2 Nd7 7. Bg2 e5 8. h3
Be6 9. O-O d4 10. c3 c5 11. a4 h6 12. Nc4 Bxc4 13. dxc4 Ne7 14. Ne1 O-O 15. Nd3
Nc6 16. Bd2 Qe7 17. a5 Rfd8 18. a6 b6 19. f4 Rac8 20. f5 g5 21. Rfd1 Nf6 22.
Be1 Rd7 23. Nf2 Rcd8 24. Qc2 1/2-1/2

[Event "2BLN 2122 SK Kirchweyhe - FC St. Pauli"]
[Site "?"]
[Date "2022.05.01"]
[Round "4.5"]
[White "Sawatzki, Frank"]
[Black "Kovacevic, Aleksandar"]
[Result "1-0"]
[WhiteElo "2378"]
[BlackElo "2503"]
[PlyCount "163"]
[EventDate "2022.??.??"]

1. e4 c5 2. Nf3 d6 3. d4 cxd4 4. Nxd4 Nf6 5. Nc3 a6 6. Be2 e6 7. Be3 Be7 8. f4
O-O 9. g4 d5 10. e5 Ne4 11. Nxe4 dxe4 12. Qd2 Bh4+ 13. Kf1 Be7 14. Qc3 Bd7 15.
Rd1 Qe8 16. Kg2 Nc6 17. Nxc6 Bxc6 18. f5 exf5 19. gxf5 f6 20. e6 Rc8 21. Qe1
Kh8 22. Qh4 g6 23. Kh3 Rg8 24. Rhg1 g5 25. Qh6 Bb5 26. Bh5 Qf8 27. Qxf8 Rgxf8
28. Rg2 Rfd8 29. Rgd2 Rxd2 30. Rxd2 Kg7 31. Kg2 Kf8 32. Kf2 Bc5 33. Bd1 Ke7 34.
Be2 Be8 35. c4 b6 36. Rd5 a5 37. b3 Rc7 38. a3 Rc8 39. h3 Rc7 40. b4 axb4 41.
axb4 Bxe3+ 42. Kxe3 Ra7 43. Rd2 Ra3+ 44. Kd4 Bc6 45. b5 Bb7 46. c5 bxc5+ 47.
Kxc5 Bc8 48. b6 Rc3+ 49. Kb4 Rc1 50. Bc4 e3 51. Re2 Rb1+ 52. Bb3 Rf1 53. Rxe3
Rxf5 54. Rc3 Ba6 55. Rc7+ Kd6 56. Rd7+ Kc6 57. Ba4+ Kxb6 58. Rd6+ Kc7 59. Rxa6
Re5 60. Rc6+ Kd8 61. Bb3 h5 62. Rd6+ Ke8 63. Rd7 g4 64. hxg4 hxg4 65. Rg7 f5
66. Bc4 Kf8 67. Rg6 Ke7 68. Kc3 Re4 69. Bd5 Re1 70. Bc4 Re4 71. Kd3 Re1 72. Kd4
Kd6 73. Rg7 Re4+ 74. Kd3 Ke5 75. Rg8 Kf4 76. Bd5 Re1 77. Kd4 Rd1+ 78. Kc5 Re1
79. Kd4 Kg3 80. Rf8 f4 81. Be4 f3 82. e7 1-0

[Event "2BLN 2122 SK Kirchweyhe - FC St. Pauli"]
[Site "?"]
[Date "2022.05.01"]
[Round "4.6"]
[White "Palac, Mladen"]
[Black "Ertan, Can"]
[Result "1-0"]
[WhiteElo "2501"]
[BlackElo "2380"]
[PlyCount "67"]
[EventDate "2022.??.??"]

1. e4 e5 2. Nf3 Nc6 3. Bb5 a6 4. Ba4 Nf6 5. O-O Nxe4 6. d4 b5 7. Bb3 d5 8. dxe5
Be6 9. Nbd2 Nc5 10. c3 Be7 11. Bc2 d4 12. Nb3 d3 13. Bb1 Nxb3 14. axb3 Bf5 15.
Be3 Qd5 16. Nd4 Nxd4 17. cxd4 c5 18. Bxd3 Bxd3 19. Qxd3 O-O 20. Rfd1 Rfd8 21.
Qc3 Rac8 22. Rac1 f6 23. Qc2 c4 24. exf6 Bxf6 25. bxc4 Rxc4 26. Qd2 Ra4 27. Ra1
Qb3 28. Rxa4 Qxa4 29. d5 Bxb2 30. d6 Rd7 31. Re1 Bf6 32. Qd5+ Rf7 33. d7 Qa5
34. Bd2 1-0

[Event "2BLN 2122 SK Kirchweyhe - FC St. Pauli"]
[Site "?"]
[Date "2022.05.01"]
[Round "4.7"]
[White "Voigt, Martin"]
[Black "Zelcic, Robert"]
[Result "0-1"]
[WhiteElo "2311"]
[BlackElo "2515"]
[PlyCount "106"]
[EventDate "2022.??.??"]

1. e4 c6 2. d4 d5 3. Nc3 dxe4 4. Nxe4 Bf5 5. Ng3 Bg6 6. h4 h6 7. Nf3 Nd7 8. h5
Bh7 9. Bd3 Bxd3 10. Qxd3 e6 11. O-O Bd6 12. Ne4 Be7 13. Bf4 Ndf6 14. Ng3 Bd6
15. Be5 Bxe5 16. Nxe5 Ne7 17. c4 O-O 18. Rad1 Qc7 19. Rfe1 Rad8 20. Qe3 Qa5 21.
a3 b5 22. c5 Rd5 23. b4 Qc7 24. Qf3 a5 25. Rd3 axb4 26. axb4 Rdd8 27. Ra1 Nd7
28. Nxd7 Rxd7 29. Ne2 Nd5 30. Rb3 Rfd8 31. g3 Qb7 32. Nc3 Nf6 33. Ra5 Qc8 34.
Ne2 Rd5 35. Ra7 e5 36. Kg2 e4 37. Qf4 Rxh5 38. g4 Rg5 39. Ng3 Rxg4 40. Qc7 Qxc7
41. Rxc7 h5 42. Kh3 Nd5 43. Rxc6 Nf4+ 44. Kh2 Rxd4 45. Rd6 Rc4 46. Rd1 h4 47.
Nf5 Rg2+ 48. Kh1 Rxf2 49. Ne3 Rf3 50. Nxc4 Rxb3 51. c6 Ne6 52. Ne5 e3 53. Rd8+
Kh7 0-1

[Event "2BLN 2122 SK Kirchweyhe - FC St. Pauli"]
[Site "?"]
[Date "2022.05.01"]
[Round "4.8"]
[White "Saric, Sinisa"]
[Black "Mueller, Fabian"]
[Result "1/2-1/2"]
[WhiteElo "2414"]
[BlackElo "2342"]
[PlyCount "83"]
[EventDate "2022.??.??"]

1. d4 Nf6 2. c4 e6 3. Nc3 Bb4 4. Qc2 O-O 5. e4 d5 6. e5 Ne4 7. Bd3 c5 8. Nf3
cxd4 9. Nxd4 Nd7 10. Bf4 Qh4 11. g3 Qh5 12. O-O Bxc3 13. bxc3 g5 14. cxd5 exd5
15. Bxe4 dxe4 16. e6 gxf4 17. exd7 Bxd7 18. Qxe4 fxg3 19. hxg3 Rab8 20. Qe7
Rbd8 21. Rfe1 Rfe8 22. Qf6 Qg6 23. Qf4 Rc8 24. Rad1 b6 25. Qd2 Qh5 26. Rxe8+
Rxe8 27. Re1 Rxe1+ 28. Qxe1 Qd5 29. Qe2 b5 30. Qe7 Kg7 31. f3 a6 32. a3 h6 33.
Kf2 Bf5 34. g4 Bb1 35. Kg3 Qa2 36. Qe5+ Kg8 37. Qd6 Qd2 38. Qd8+ Kh7 39. Qf6
Kg8 40. Qd8+ Kh7 41. Qf6 Kg8 42. Qd8+ 1/2-1/2

[Event "2BLN 2122 SV Lingen - SV Werder Bremen "]
[Site "?"]
[Date "2022.05.01"]
[Round "4.1"]
[White "Reuker, Jari"]
[Black "Kollen, Zyon"]
[Result "0-1"]
[WhiteElo "2435"]
[BlackElo "2376"]
[PlyCount "154"]
[EventDate "2022.??.??"]

1. e4 e6 2. d4 d5 3. e5 c5 4. c3 Qb6 5. Nf3 Nc6 6. a3 c4 7. Nbd2 Na5 8. Rb1 Bd7
9. h4 O-O-O 10. b4 cxb3 11. Nxb3 Nxb3 12. Nd2 Ba4 13. Nxb3 Ne7 14. Qc2 Nc6 15.
Qa2 Qc7 16. Be2 Kb8 17. O-O Be7 18. h5 Bxb3 19. Qxb3 Na5 20. Qb5 Ka8 21. Be3 a6
22. Qa4 Rb8 23. c4 Nxc4 24. Rfc1 Rhc8 25. Rc3 Qc6 26. Qb3 b5 27. Rbc1 Qd7 28.
Qc2 g6 29. a4 Rb7 30. axb5 axb5 31. Qb3 Kb8 32. g3 Rc6 33. Kg2 Ra6 34. hxg6
hxg6 35. Rh1 Ra3 36. Rh8+ Ka7 37. Qc2 Rxc3 38. Qxc3 b4 39. Qb3 Qc6 40. Rh7 Bd8
41. Rh8 Na5 42. Qb1 Bc7 43. Rf8 b3 44. Rxf7 b2 45. Bd3 Qa4 46. Bxg6 Nc4 47. Qh1
Na3 48. Qh7 Qc6 49. g4 Bd8 50. Rxb7+ Qxb7 51. Qxb7+ Kxb7 52. f4 Kc8 53. Bd2 Be7
54. Kf3 Kd7 55. Bd3 b1=Q 56. Bxb1 Nxb1 57. Be1 Ke8 58. f5 Bg5 59. Ke2 Na3 60.
Kd3 Nc4 61. Bf2 Kf7 62. Kc3 Be3 63. Bh4 Bf4 64. Bf6 exf5 65. gxf5 Ne3 66. Bd8
Nxf5 67. Kd3 Ke6 68. Bb6 Be3 69. Bc5 Bg1 70. Bb6 Nh4 71. Ba5 Kf5 72. Bc3 Ng6
73. Bd2 Nf8 74. Ba5 Ne6 75. Bb6 Nf4+ 76. Kc3 Ke4 77. Ba7 Ne6 0-1